000 00885nam a2200289Ia 4500
003 OSt
005 20220912150904.0
006 a|||||r|||| 00| 0
007 ta
008 220909b |||||||| |||| 00| 0 eng d
020 _a188129918X (hbd)
024 _a8062
037 _bApple,
037 _cTextbook
040 _aCSL
_beng
_cCSL
041 _aeng
082 _aG:(9S:71), P0 Comp Room
100 _aBrown Stuart M
245 0 _aBioinformatics: a biologist's guide to biocomputing and the internet
260 _aNew York
_b A BioTechniques Books Publication
_c2000
300 _axi,188p
500 _aIncludes bibliographical references; Glossary 163-174p; Index 181-188p
650 _a Network resources
650 _aBiology
942 _hG:(9S:71), P0 Comp Room
_cTB
_2CC
999 _c56889
_d56889